1321 1191 1092 1247 1358 1102 1624 1248 1121 1351 1442 1294 1847 1580 1771 1456 1945 1665 1026 1515 1276 1552 1549 1705 1667 1039 1833 1563 1814 1712 1461 1676 1815 1442 1252 1226 1574 1427 1579 1793 1188 1354 1166 1701 1060 1563 1580 1927 1579 1236 1326 1358 1241 1021 1919 1065 1646 1128 1337 1792 1242 1920 1594 1217 1215 1002 1917 1440 1147 1979 1276 1172 1464 1735 1130 1199 1882 1194 1965 1648 1866 1721 1011 1941 1623 1224 1963 1821 1697 1227 1080 1200 1545 1437 1807 1690 1736 1455 1571 BCNSPRNW ULIB Ver.6.0+V

เปลี่ยนเป็นภาษาไทย

Change to English
 แสดงรายละเอียดบรรณานุกรม
  กลับหน้าหลัก

Brief Record : Get Marc (ISO 2709) : E-mail record : QR code < ปิดหน้าต่าง
LEADER : 00000nam 2200000uu 4500
001    13399121283
003     ULIB
008    121114s2549||||th 000 0 tha d
020    ^a9789749330982
050 04 ^aPE1130^bช485ส
100 0  ^aชาญชัย บุญเฮ้า
245 10 ^aสูตรสำเร็จการพูดภาษาอังกฤษ = Amazing conversation /^cชาญชัย บุญเฮ้า ผู้เรียบเรียง
246 31 ^aAmazing conversation
260    ^aกรุงเทพฯ :^bบี.อี.ซี.,^c2549
300    ^a297 หน้า
650  7 ^aภาษาอังกฤษ^xตำราสำหรับชนต่างชาติ
650  7 ^aภาษาอังกฤษ^xบทสนทนาและวลี
945    ^p200^l0^i24863
995    ^aวิภา
999 ^a ทศพร
รายการนี้ยังไม่มีแท็ก
คุณยังไม่ได้ล็อกอิน คุณสามารถมีกิจกรรมร่วมกับเว็บไซต์ได้ แต่ต้องล็อกอินก่อน ::
  ล็อกอิน

รายการสื่อสารสนเทศ

ลำดับที่ ประเภท เลขเรียก/บาร์โค้ด สถานที่ สถานะ
1. วิทยาศาสตร์การแพทย์ และสุขภาพ
วิทยาศาสตร์การแพทย์ และสุขภาพ
PE1130 ช485ส  
  Barcode: 24863
ห้องสมุดวิทยาเขตสวรรค์ประชารักษ์
►หนังสือทั่วไป
บนชั้น

รายการใกล้เคียง
    ผู้แต่ง [ชาญชัย บุญเฮ้า]

BibComment


ยังไม่เคยถูกคอมเมนท์

คอมเมนท์ทรัพยากรรายการนี้
  คอมเมนท์: สูตรสำเร็จการพูด..


 Copyright 2026. Bcnsprnw @Library